000 00293cam a2200133ua 4500
041 _ahin
_h
082 _a891.54
_bSAR/SA
100 _aSarada, Mitre .
245 _aSavak kahniyam /
_cSarada Mitre.
_hTextual Documents
300 _a42 ; .
504 _a
942 _cBK
999 _c6486
_d6486